US States Bordering an "A-State" - Statistics

General Stats
  • This quiz has been taken 152 times
  • The average score is 14 of 15
Answer Stats
Given State Bordering State % Correct
Arizona California
98%
Alabama Florida
98%
Georgia
98%
Missouri
97%
Mississippi
96%
Mississippi
96%
New Mexico
96%
Tennessee
96%
Tennessee
96%
Nevada
95%
Texas
95%
Utah
95%
Colorado
94%
Oklahoma
92%
Arkansas Louisiana
91%
No matching quizzes found
Score Distribution
Percent of People with Each Score
Percentile by Number Answered
Your Score History
You have not taken this quiz